European Countries with a 'B' Quiz Stats

Quiz Updated Oct 19, 2016

Challenge
Share
Tweet
Score 0/7 Timer 03:00
1 Play Today
% Correct
Belgium
90.4%
Belarus
84.5%
Bosnia and Herzegovina
81.4%
Bulgaria
80.5%
Serbia
71.7%
Albania
67.6%
Luxembourg
57.6%

You're not logged in!

Compare scores with friends on all Sporcle quizzes.
Sign Up with Email
OR
Log In

You Might Also Like...

Show Comments

Extras

Top Quizzes Today


Score Distribution

Your Account Isn't Verified!

In order to create a playlist on Sporcle, you need to verify the email address you used during registration. Go to your Sporcle Settings to finish the process.